000
00262nam a22000977a 4500
008
231208b |||||||| |||| 00| 0 eng d
020
_a
9789355559289
100
_a
MTG
_9
7733
245
_a
MTG JEE MAIN & ADVANCED PHYSICS-CLASS-XI-XII
260
_a
New Delhi
_b
MTG
_c
2023
999
_c
12498
_d
12498